Music Quiz

Random Music or Song Quiz

Vocaloid Songs [Video] Quiz Stats

 Plays Quiz not verified by Sporcle

Challenge
Share
Tweet
Score 0/34 Timer 13:00
1 Play Today
Time Song Name % Correct
0:00 - 0:08World is Mine
96.8%
0:30 - 0:38Melt
79.3%
3:07 - 3:15PoPiPo
75.8%
1:00 - 1:07Black★Rock Shooter
75.6%
1:07 - 1:15Love is War
73.1%
2:35 - 2:42Baka Baka Baka!
71.5%
2:04 - 2:11Meltdown
68.6%
2:11 - 2:19KOKORO/KISEKI
63.9%
3:30 - 3:39levan Polkka
63.2%
4:12 - 4:20Google It, You Moron
61.3%
3:47 - 3:55SPICE!
55.4%
1:38 - 1:46Dancing Samurai
55%
2:19 - 2:27The Disappearance of Hatsune Miku -DEAD END-
50.6%
1:15 - 1:24HONEY - NANAMEUE ALL☆STARS
49.3%
3:55 - 4:03Joker
46%
0:38 - 0:45Double Lariat
45.7%
2:52 - 2:59Cendrillon
40.7%
Time Song Name % Correct
2:42 - 2:52Kasane Territory
39.5%
4:03 - 4:12Toeto
38.9%
0:08 - 0:15VOiCE
26.8%
3:39 - 3:47Still Alive (Portal)
22.4%
3:23 - 3:30I'll Make You Miku-Miku-ed
20.4%
1:46 - 1:55Clover Club
19.7%
4:20 - 4:28Melody
17.2%
1:31 - 1:38Nebula
16.2%
3:15 - 3:23Innocence
13.5%
0:52 - 1:00stray girl in her lenses
12.1%
2:27 - 2:35Light Song
11.7%
0:15 - 0:22Shining Ray
9.4%
2:59 - 3:07Challenging to Pi of 3,000 Digits on 'Stratosphere' [sic]
8.1%
0:22 - 0:30Traveller
7%
1:24 - 1:31Dance Fight Paradise
3.1%
0:45 - 0:52Certain Meddling Word
2.6%
1:55 - 2:04Unlimited Skies
2.4%

You're not logged in!

Compare scores with friends on all Sporcle quizzes.
Join for Free
OR
Log In

You Might Also Like...

Show Comments

Extras

Top Quizzes Today


Score Distribution

Your Account Isn't Verified!

In order to create a playlist on Sporcle, you need to verify the email address you used during registration. Go to your Sporcle Settings to finish the process.

Report this User

Report this user for behavior that violates our Community Guidelines.

Details: